Statistics for metal bands (basic)

Click here to take the quiz!

General Stats

  • This quiz has been taken 2,180 times
  • The average score is 11 of 15

Answer Stats

HintAnswer% Correct
Enter SandmanMetallica
98%
Highway to HellAC/DC
97%
ParanoidBlack Sabbath
93%
Run to the HillsIron Maiden
87%
Crazy TrainOzzy Osbourne
83%
Breaking the LawJudas Priest
76%
Rock You Like a HurricaneScorpions
68%
Whole Lotta LoveLed Zeppelin
66%
Hangar 18Megadeth
65%
Angel of DeathSlayer
65%
Before I ForgetSlipknot
65%
PoisonAlice Cooper
59%
EruptionVan Halen
57%
Highway StarDeep Purple
45%
HysteriaDef Leppard
45%

Score Distribution

Percentile by Number Answered

Percent of People with Each Score

Your Score History

You have not taken this quiz